| 000 | 00903nmc a2200289 a 4500 | ||
|---|---|---|---|
| 003 | AR-BaBNM | ||
| 005 | 20251128204918.0 | ||
| 008 | 166019s1990 ||||||||||||||000 | spa|| | ||
| 020 | _a968-16-3140-4 | ||
| 040 | _cAR-BaBNM | ||
| 100 | 1 | _aIntriligator, Michael D. | |
| 245 | 1 | 0 | _aModelos econométricos, técnicas y aplicaciones |
| 250 | _a1ª ed. | ||
| 260 |
_aMéxico, D.F. _bFondo de Cultura Económica _c1990 |
||
| 300 | 0 |
_a700 p. _btablas, gráfs. |
|
| 490 | 0 | _aTextos de economía | |
| 500 | 0 | _aContiene tres apéndices: 1) Un proyecto econométrico; 2) Matrices; 3) Probabilidad y estadística | |
| 650 | 4 | _aECONOMETRIA | |
| 650 | 4 | _aMODELOS ECONOMICOS | |
| 650 | 4 | _aPREDICCION ECONOMICA | |
| 650 | 4 | _aTEORIA DE LAS PROBABILIDADES | |
| 650 | 4 | _aEVALUACION ECONOMICA | |
| 650 | 4 | _aESTADISTICA | |
| 700 | 1 |
_aNúñez Zúñiga, Rafael _etraductor |
|
| 942 | _cBK | ||
| 998 | _cEnrique | ||
| 999 |
_c9305 _d9305 |
||